La Sagrada Biblia traducida de la Vulgata Latina

Saved in:
Bibliografiske detaljer
Hovedforfatter: Torres Amat, Félix (Author)
Format: Bog
Sprog:spansk
Udgivet: París Garnier Hermanos 1867
Udgivelse:1a. ed
Fag:
Tags: Tilføj Tag
Ingen Tags, Vær først til at tagge denne postø!

MARC

LEADER 00000cam a2200000 a 4500
001 UCD3642
003 CL-VaPUC
008 160616e18670000fr |||||||||||||||||spa|d
082 0 4 |a 220  |b TOR  |2 21 
100 0 |a Torres Amat, Félix  |e author  |9 587194 
245 1 3 |a La Sagrada Biblia traducida de la Vulgata Latina 
250 |a 1a. ed 
300 |a t 
942 |c BK 
945 |d 20160616 22:39:00  |a dcastane 
260 |a París  |b Garnier Hermanos  |c 1867 
650 0 |a Biblia  |9 257603 
650 0 |a Antiguo testamento   |9 313678 
650 0 |a Profetas  |9 314377 
583 |a last modification  |c 20160616 22:39:00  |k Rodrigo Vera 
999 |c 364669  |d 364667 
952 |0 0  |1 0  |3 erd  |4 0  |6 220_000000000000000_TOR_1867  |7 0  |8 X  |9 478226  |a BIBTEO  |b BIBTEO  |h t.2  |i 5239052  |o 220 TOR 1867  |p 5239052  |r 2024-01-18  |w 2019-11-24  |y BK_X  |z Catalogado en:20160616  |k OFM